Cellular And Molecular Immunology (Record no. 60760)
[ view plain ]
| 000 -LEADER | |
|---|---|
| fixed length control field | 00575nam a22002177a 4500 |
| 005 - DATE & TIME | |
| control field | 20260511125823.0 |
| 008 - FIXED-LENGTH DATA ELEMENTS--GENERAL INFORMATION | |
| fixed length control field | 260511b |||||||| |||| 00| 0 eng d |
| 020 ## - ISBN | |
| International Standard Book Number | 9788131264577 |
| Price | 2765.00 |
| 040 ## - CATALOGING SOURCE | |
| Original cataloging agency | Doon University |
| 041 ## - Language | |
| Language | English |
| 082 ## - DDC NUMBER | |
| Classification number | 572.865 |
| Book Number | ABB |
| 100 ## - MAIN ENTRY--PERSONAL NAME | |
| Personal name | Abbas, Abul K. |
| 245 ## - TITLE STATEMENT | |
| Title | Cellular And Molecular Immunology |
| 250 ## - EDITION STATEMENT | |
| Edition statement | 10th |
| 260 ## - PUBLICATION, DISTRIBUTION, ETC. (IMPRINT) | |
| Place of publication, distribution, etc | New Delhi |
| Name of publisher, distributor, etc | Elsevier |
| Date of publication, distribution, etc | 2023 |
| 300 ## - PHYSICAL DESCRIPTION | |
| Pages | 587 |
| 650 ## - Subject | |
| Subject | Environment Science (PM USHA) |
| 700 ## - Added Entry Personal Name | |
| Added Entry Personal Name | Lichtman, Andrew H. |
| 700 ## - Added Entry Personal Name | |
| Added Entry Personal Name | Pillai, Shiv |
| 942 ## - ADDED ENTRY ELEMENTS (KOHA) | |
| Koha item type | Books |
| 100 ## - MAIN ENTRY--PERSONAL NAME | |
| -- | 26786 |
| 650 ## - Subject | |
| -- | 26725 |
| 700 ## - Added Entry Personal Name | |
| -- | 26787 |
| 700 ## - Added Entry Personal Name | |
| -- | 26788 |
| 952 ## - LOCATION AND ITEM INFORMATION (KOHA) | |
| -- | 2026-05-11 |
| 952 ## - LOCATION AND ITEM INFORMATION (KOHA) | |
| -- | 2026-05-11 |
| 952 ## - LOCATION AND ITEM INFORMATION (KOHA) | |
| -- | 2026-05-11 |
| Withdrawn status | Lost status | Source of classification or shelving scheme | Damaged status | Not for loan | Location (home branch) | Sublocation or collection (holding branch) | Date acquired | Koha full call number | Accession No. | Koha date last seen | Koha item type | Koha issues (times borrowed) |
|---|---|---|---|---|---|---|---|---|---|---|---|---|
| Not For Loan | Doon University | Doon University | 11.05.2026 | 572.865 ABB | 32968 | 11.05.2026 | Reference | |||||
| Doon University | Doon University | 11.05.2026 | 572.865 ABB | 32969 | 11.05.2026 | Books | ||||||
| Doon University | Doon University | 11.05.2026 | 572.865 ABB | 32970 | 11.05.2026 | Books |